|
|
|
|
| LEADER |
00000cam a22000005a 4500 |
| 001 |
vtls010032315 |
| 003 |
SK-MaSNL |
| 005 |
20260301083419.0 |
| 008 |
180810s1720 gw r 000 0 lat |
| 015 |
|
|
|a SNBHFA
|
| 040 |
|
|
|a SNK
|b slo
|c SNK
|e AACR2
|
| 041 |
1 |
|
|a lat
|
| 044 |
|
|
|a gw
|c DE
|
| 072 |
|
7 |
|a 808
|x Literárny štýl. Literárna činnosť a technika. Efektívne využívanie jazyka. Spisovateľská činnosť
|2 konspekt
|
| 080 |
|
|
|a 808.5-055.1
|2 2011
|
| 130 |
0 |
|
|a Ara Solennis
|9 410253
|
| 245 |
1 |
0 |
|a Ara Solennis
|b Qvam Viro Summe Reverendo, Magnifico, Excellentissimo, Amplissimoqve Dn. Martino Chladenio SS. Theologiae Doctori, Ejusdemqve Professori Publico, Consist. Eccles. Assessori, Aedisqve Omnium Sanctorum Praeposito Fama, Meritisqve Celebratissimo, Postqvam Summam Rectoris Dignitatem In Hac Incluta Eruditorum Sede A. O. R. CI) I) CCXX. D. XIV. Kal. Novembr. felici Qvodam Omine Auspicaretur, Honoribus Ejus meritis Ut Par Est, Gratulaturi, Et Pietatem Religionemqve Animi Testaturi, Votis Certantes Dicabant Hic Loci Studiis invigilantes Pannonii Cives
|
| 260 |
|
|
|a Wittenbergae
|b Imprimebat Joh. Ludolphus Fincelius
|c 1720
|
| 300 |
|
|
|a [4] s.
|c 38 cm
|
| 500 |
|
|
|a Ozdobná iniciála. Vineta
|
| 600 |
1 |
4 |
|a Chladný, Martin,
|c teológ, náboženský spisovateľ, evanjelický farár,
|d 1669-1725
|9 410254
|
| 650 |
0 |
7 |
|a príležitostná poézia
|2 SNKPH
|9 363109
|
| 700 |
1 |
|
|a Fincelius,johann Ludolphus,
|d zomrel 1730
|4 prt
|9 410255
|
| 752 |
|
|
|a Nemecko
|d Wittenberg
|
| 852 |
|
|
|a snk
|p SA 1383
|
| 958 |
|
|
|a ONDV
|
| 958 |
|
|
|a DD
|
| 999 |
|
|
|c 660458
|d 662388
|
| 952 |
|
|
|a SNK
|b SNK
|y PREZ
|7 0
|p 17A0640352
|o snkSA 1383
|i snk2009/22486
|8 3
|g 28.00
|0 0
|1 0
|4 0
|d 2009-12-15
|l 0
|r 2025-01-23 00:00:00
|w 2026-02-23
|